000 00911nam0a2200265 i 4500
001 RU\NLR\bibl\1897414
005 20260406145424.0
010 _a9785994209875
_97050
021 _aRU
_b2012-26914
_92006
035 _a(NLR Aleph) 001887064
090 _a2868813
_c2868813
100 _a20120428d2012 u y0rusy50 ca
101 1 _arus
_ceng
102 _aRU
105 _ay |||||||||
200 1 _aУчитель
_fШарлотта Бронте
_g[лит. пер. с англ. Александра Тестова]
210 _aСанкт-Петербург
_cЛенинградское изд-во
_d2012
215 _a316, [3] с.
_d21
686 _aШ6(4Вл)57-440.4{Лх1296.1-50}
700 1 _4070
_8rus
_7ca
_aБронте
_bШ.
_f1816-1855
_gШарлотта
_3RU\NLR\auth\774646
_9114623
801 0 _aRU
_bNLR
_c20120428
_gRCR
801 1 _aRU
_bNLR
_c20120428
942 _cBOOK
980 _aNBR